Bioherbicidal action of Phoma dimorphafermented broth on seeds and plants of Senna obtusifolia (Registro n. 328412)
[ somente texto ]
| 000 -LÍDER | |
|---|---|
| fixed length control field | 03696nab a2200289 i 4500 |
| 003 - CÓDIGO MARC DA AGÊNCIA CATALOGADORA | |
| Campo de controle | BR-BrBNA |
| 005 - DATA E HORA DA ÚLTIMA ATUALIZAÇÃO | |
| Campo de controle | 20241104145022.0 |
| 008 - CAMPO DE TAMANHO FIXO | |
| fixed length control field | 241104b2020 bl.ar|pooa||| 00| 0 eng | |
| 040 ## - FONTE DA CATALOGAÇÃO | |
| Agência catalogadora | BR-BrBNA |
| Idioma da catalogação | eng |
| 072 ## - CATEGORIA AGRIS | |
| Código AGRIS | H60 |
| 100 ## - ENTRADA PRINCIPAL - NOME PESSOAL | |
| Nome pessoal | Chaves Neto, José Roberto |
| 100 ## - ENTRADA PRINCIPAL - NOME PESSOAL | |
| Nome pessoal | Mazutti, Marcio Antonio |
| 100 ## - ENTRADA PRINCIPAL - NOME PESSOAL | |
| Nome pessoal | Zabot, Giovani Leone |
| 100 ## - ENTRADA PRINCIPAL - NOME PESSOAL | |
| Nome pessoal | Tres, Marcus Vinícius |
| 245 ## - TÍTULO PRINCIPAL | |
| Título principal | Bioherbicidal action of Phoma dimorphafermented broth on seeds and plants of Senna obtusifolia |
| 500 ## - NOTA GERAL | |
| Nota geral | Publicação online; 31 ref.; 4 tables; 3 illus.; Summaries (En, Pt) |
| 942 ## - ADDED ENTRY ELEMENTS (KOHA) | |
| Koha item type | Analítica |
| 520 ## - NOTA DE RESUMO | |
| Nota de conteúdo | <br/>ABSTRACT - The weed Senna obtusifolia causes severe damages to pasture areas in Brazil, due to its high production and seed spread. This study aimed to evaluate the bioherbicidal action of Phoma dimorpha fermented broth in the pre-emergence and post-emergence of S. obtusifolia. The experimental design was completely randomized, with two treatments, one with and other without the application of the fermented broth. The bioherbicidal effects were measured in bioassays of pre-emergence (germination percentage), detached leaves (phytotoxicity) and post-emergence (phytotoxicity, plant height and fresh plant mass). The application of the fermented broth provided a pre-emergence bioherbicidal action, inhibiting the seed germination in 100 %. In detached leaves, it caused leaf necrosis and death on the ninth day after the application. In the post-emergence, this application caused moderate symptoms, such as leaf spots and reduction in the weed plant size. It was concluded that the P. dimorpha fermented broth has a potential herbicidal action and, therefore, represents an alternative in the development of bioproducts for a sustainable weed control in pastures.: <br/><br/><br/>KEYWORDS:Senna obtusifolia, biological control, phytotoxicity, weed |
| 520 ## - NOTA DE RESUMO | |
| Nota de conteúdo | <br/>RESUMO - A planta daninha Senna obtusifolia causa severos danos em áreas de pastagens no Brasil, devido à sua elevada produção e disseminação de sementes. Objetivou-se avaliar a ação bioherbicida do caldo fermentado de Phoma dimorpha na pré-emergência e pós-emergência de S. obtusifolia. O delineamento experimental utilizado foi inteiramente casualizado, com dois tratamentos, um com e outro sem aplicação do caldo fermentado. Os efeitos bioherbicidas foram mensurados em bioensaios de pré-emergência (porcentagem de germinação), folhas destacadas (fitotoxicidade) e pós-emergência (fitotoxicidade, altura de planta e massa fresca de planta). A aplicação do caldo fermentado proporcionou ação bioherbicida em pré-emergência, inibindo em 100 % a germinação das sementes. Em folhas destacadas, ocasionou necrose e morte das folhas no nono dia após a aplicação. Na pós-emergência, essa aplicação ocasionou sintomas moderados, como manchas nas folhas e redução no tamanho da planta daninha. Conclui-se que o caldo fermentado de P. dimorpha possui ação herbicida potencial e, por isso, representa uma alternativa no desenvolvimento de bioprodutos para o controle sustentável de plantas daninhas em pastagens. <br/><br/><br/>PALAVRAS-CHAVE: Fedegoso, controle biológico, fitotoxidade, planta daninha |
| 650 ## - ASSUNTO - THESAGRO | |
| Cabeçalho tópico ou nome geográfico | ERVA DANINHA |
| 650 ## - ASSUNTO - THESAGRO | |
| Cabeçalho tópico ou nome geográfico | FEDEGOSO |
| 650 ## - ASSUNTO - THESAGRO | |
| Cabeçalho tópico ou nome geográfico | FITOTOXIDADE |
| 650 ## - ASSUNTO - THESAGRO | |
| Cabeçalho tópico ou nome geográfico | CONTROLE BIOLÓGICO |
| 773 0# - ENTRADA ANALÍTICA | |
| Host Biblionumber | 3248 |
| Registro do item | 317346 |
| Imprenta | Goiânia-GO UFG. Escola de Agronomia 1999 |
| Outro identificador | 2024-3998 |
| Título | Pesquisa Agropecuária Tropical (Brazil) |
| ISSN | 1517-6398 |
| Colação | v. 50 p. 1-8; (2020) |
| Número de controle de registro | BR2024003134 |
| 856 ## - ACESSO E ENDEREÇO ELETRÔNICO | |
| Identificador uniforme de recurso - URI | https://revistas.ufg.br/pat/article/view/56894/33888 |
Nenhum exemplar disponível.

BINAGRI